Pracovná neschopnosť v roku 1994

Vývoj vlastných ukazovateľov pracovnej neschopnosti v SR v roku 1994. Priemerné percento pracovnej neschopnosti v regiónoch SR. Faktory ovplyvňujúce pracovnú neschopnosť.

Enregistré dans:
Détails bibliographiques
Auteur principal: Burdiga, A.
Autres auteurs: Petráš, J., Tačovský, Ladislav
Format: Chapitre de livre
Langue:slovaque
Sujets:
Tags: Ajouter un tag
Pas de tags, Soyez le premier à ajouter un tag!

MARC

LEADER 00000naa a2200000 4500
001 r017459
005 20221205102337.9
041 0 |a slo 
044 |a SK 
245 1 0 |a Pracovná neschopnosť v roku 1994  |c A. Burdiga, J. Petráš, Ladislav Tačovský 
520 |a Vývoj vlastných ukazovateľov pracovnej neschopnosti v SR v roku 1994. Priemerné percento pracovnej neschopnosti v regiónoch SR. Faktory ovplyvňujúce pracovnú neschopnosť. 
610 2 0 |a práceneschopnosť 
610 2 0 |a regióny 
610 2 0 |a Slovensko 
610 2 0 |a 1994 
610 2 0 |a ukazovatele štatistické 
100 1 |a Burdiga, A. 
700 1 |a Petráš, J. 
700 1 |a Tačovský, Ladislav